000 00478nam a22001817a 4500
005 20260502160141.0
020 _a9788131516874
041 _aENG
082 _a658.15
_bPAU
100 _aPaul, Justin
245 _aManagerial economics /
_cJustin Paul
260 _aNew Delhi :
_bCengage ,
_c2012.
300 _axii, 295 pages :
_billustrations ;
_c24 cm.
504 _aInclude index.
650 _aBusiness decision making
650 _aDemand analysis
942 _2ddc
_cBK
999 _c24330
_d24330